<?xml version="1.0" encoding="UTF-8"?>
<record
    xmlns:xsi="http://www.w3.org/2001/XMLSchema-instance"
    xsi:schemaLocation="http://www.loc.gov/MARC21/slim http://www.loc.gov/standards/marcxml/schema/MARC21slim.xsd"
    xmlns="http://www.loc.gov/MARC21/slim">

  <leader>01005nam a2200229Ia 4500</leader>
  <controlfield tag="003">OSt</controlfield>
  <controlfield tag="005">20220923212053.0</controlfield>
  <controlfield tag="006">a|||||r|||| 00| 0</controlfield>
  <controlfield tag="007">ta</controlfield>
  <controlfield tag="008">220922b        |||||||| |||| 00| 0 hin d</controlfield>
  <datafield tag="024" ind1=" " ind2=" ">
    <subfield code="a">150,543</subfield>
  </datafield>
  <datafield tag="037" ind1=" " ind2=" ">
    <subfield code="c">Textual</subfield>
  </datafield>
  <datafield tag="040" ind1=" " ind2=" ">
    <subfield code="a">ARTS</subfield>
    <subfield code="c">ARTS</subfield>
    <subfield code="b">hin</subfield>
  </datafield>
  <datafield tag="041" ind1=" " ind2=" ">
    <subfield code="2">hin</subfield>
    <subfield code="a">hin</subfield>
  </datafield>
  <datafield tag="082" ind1=" " ind2=" ">
    <subfield code="a">9073, 152K51</subfield>
  </datafield>
  <datafield tag="100" ind1=" " ind2=" ">
    <subfield code="a">&#x92B;&#x94D;&#x941;&#x932;&#x932;&#x930;, &#x90F;&#x921;&#x92E;&#x902;&#x921;</subfield>
  </datafield>
  <datafield tag="245" ind1=" " ind2="0">
    <subfield code="a">&#x92F;&#x947; &#x906;&#x935;&#x93F;&#x937;&#x94D;&#x915;&#x93E;&#x930;&#x915;* &#x905;&#x92E;&#x930;&#x940;&#x915;&#x93E; &#x915;&#x947; &#x915;&#x941;&#x91B; &#x92E;&#x939;&#x93E;&#x92A;&#x941;&#x930;&#x942;&#x937; &#x91C;&#x93F;&#x928;&#x94D;&#x939;&#x94B;&#x928;&#x947; &#x905;&#x92A;&#x928;&#x947; &#x906;&#x935;&#x93F;&#x937;&#x94D;&#x915;&#x93E;&#x930;&#x94B;&#x902; &#x938;&#x947; &#x938;&#x902;&#x938;&#x93E;&#x930; &#x92E;&#x947;&#x902; &#x915;&#x94D;&#x930;&#x93E;&#x902;&#x924;&#x93F; &#x92A;&#x948;&#x926;&#x93E; &#x915;&#x930; &#x926;&#x940;, &#x91C;&#x92F;&#x926;&#x947;&#x935; &#x926;&#x94D;&#x935;&#x93E;&#x930;&#x93E; &#x905;&#x928;&#x941;  </subfield>
  </datafield>
  <datafield tag="246" ind1=" " ind2=" ">
    <subfield code="a">Ye &#x101;vi&#x1E63;hk&#x101;raka: amar&#x12B;k&#x101; ke kuchh hin&#x101;pur&#x16B;&#x1E63;h jinhone apane &#x101;vi&#x1E63;hk&#x101;roan se sans&#x101;r mean kr&#x101;anti paid&#x101; kar d&#x12B;, jayadev dv&#x101;r&#x101; anu0</subfield>
  </datafield>
  <datafield tag="260" ind1=" " ind2=" ">
    <subfield code="c">1965</subfield>
  </datafield>
  <datafield tag="942" ind1=" " ind2=" ">
    <subfield code="h">9073, 152K51</subfield>
    <subfield code="c">TEXL</subfield>
    <subfield code="2">CC</subfield>
  </datafield>
  <datafield tag="999" ind1=" " ind2=" ">
    <subfield code="c">306223</subfield>
    <subfield code="d">306223</subfield>
  </datafield>
  <datafield tag="952" ind1=" " ind2=" ">
    <subfield code="0">0</subfield>
    <subfield code="1">0</subfield>
    <subfield code="4">0</subfield>
    <subfield code="7">0</subfield>
    <subfield code="a">ARTS</subfield>
    <subfield code="b">ARTS</subfield>
    <subfield code="d">2022-09-23</subfield>
    <subfield code="l">0</subfield>
    <subfield code="o">9073 152K51</subfield>
    <subfield code="p">AL0227910</subfield>
    <subfield code="r">2022-09-23 00:00:00</subfield>
    <subfield code="w">2022-09-23</subfield>
    <subfield code="y">TEXL</subfield>
  </datafield>
</record>
